1712 1913 1798 1165 1849 1321 1331 1010 1696 1782 1584 1705 1454 1140 1571 1831 1906 1510 1375 1176 1889 1188 1927 1041 1089 1578 1999 1008 1113 1321 1768 1967 1895 1376 1151 1494 1050 1260 1881 1600 1125 1643 1461 1576 1801 1259 1049 1241 1701 1214 1170 1893 1390 1197 1455 1240 1976 1704 1534 1011 1177 1904 1495 1170 1763 1048 1092 1153 1094 1753 1148 1129 1876 1560 1112 1745 1841 1516 1794 1532 1069 1490 1523 1644 1995 1166 1389 1266 1128 1674 1397 1531 1066 1574 1732 1417 1687 1964 1550 BCNSPRNW ULIB Ver.6.0+V

เปลี่ยนเป็นภาษาไทย

Change to English
 แสดงรายละเอียดบรรณานุกรม
  กลับหน้าหลัก

Brief Record : Get Marc (ISO 2709) : E-mail record : QR code < ปิดหน้าต่าง
LEADER : 00000nam 2200000uu 4500
001    13399111714
003     ULIB
008    110706s2543||||th 000 0 tha d
020    9747232162
050  4 BQ5630.S16^bต617ต 2543
100 1  ตรุงปะ, เชอเกียม,^d2483-2530
245 10 ตำนานแห่งเสรีภาพและหนทางแห่งการภาวนา =^bThe myth of freedom and the way meditation /^cเชอเกียม ตรุงปะ, เขียน ;อนุสรณ์ ติปยานนท์, แปล ; พจนา จันทรสันติ, บรรณาธิการ
246 31 The myth of freedom and the way meditation
250    พิมพ์ครั้งที่ 1
260    กรุงเทพฯ :^bมูลนิธิโกมลคีมทอง,^c2543
300    169 หน้า ;^c21 ซม.
650  4 ภาวนา
650  4 จิตตานุภาพ^xแง่ศาสนา^xพุทธศาสนา
650  4 สมาธิ
700 0  อนุสรณ์ ติปยานนท์
700 0  พจนา จันทรสันติ
945    ^p90^l0^i026695
995    ทศพร
999 ^a ใช้งานได้ทุกระบบ
รายการนี้ยังไม่มีแท็ก
คุณยังไม่ได้ล็อกอิน คุณสามารถมีกิจกรรมร่วมกับเว็บไซต์ได้ แต่ต้องล็อกอินก่อน ::
  ล็อกอิน

รายการสื่อสารสนเทศ

ลำดับที่ ประเภท เลขเรียก/บาร์โค้ด สถานที่ สถานะ
- ไม่พบข้อมูล -

รายการใกล้เคียง
    หัวเรื่อง [ภาวนา]
    หัวเรื่อง [สมาธิ]

BibComment


ยังไม่เคยถูกคอมเมนท์

คอมเมนท์ทรัพยากรรายการนี้
  คอมเมนท์: ตำนานแห่งเสรีภาพแ..


 Copyright 2026. Bcnsprnw @Library